000
00321nam a22001337a 4500
008
181122b xxu||||| |||| 00| 0 eng d
020
_a
0838578535
041
_a
eng
080
_a
615.83
100
_a
8
101
_a
EGZ
245
_a
Physical Examination of the Spine and Extremities
_c
Hoppenfeld,S
942
_2
udc
_c
BK
999
_c
52336
_d
52336